| 000 | 00522nam a2200193Ia 4500 | ||
|---|---|---|---|
| 003 | OSt | ||
| 005 | 20241230151635.0 | ||
| 008 | 210707s1982 xx 000 0 und d | ||
| 040 | _cAL | ||
| 041 | _aeng | ||
| 082 | _a001.6424B GOTS | ||
| 100 |
_aGOTTFREID (Byron S) _9191994 |
||
| 245 | _aSchaums outline of theory and problems of programming with basic. | ||
| 250 | _a2 | ||
| 260 |
_aSingapore _bMcGraw hill Internation Book Co. _c1982 |
||
| 300 | _a282 p | ||
| 650 |
_aComputer Science _9191995 |
||
| 942 |
_2ddc _cBK |
||
| 999 |
_c180463 _d180463 |
||